[Event "EU-Cup 18th"]
[Site "Kallithea"]
[Date "2002.09.26"]
[Round "5.5"]
[White "Tucker, Alex"]
[Black "Bergsson, Snorri"]
[Result "1/2-1/2"]
[WhiteElo "2199"]
[BlackElo "2288"]
[PlyCount "64"]
[EventDate "2002.09.22"]
[EventType "team-swiss"]
[EventRounds "7"]
[EventCountry "GRE"]
[SourceTitle "CBM 092"]
[Source "ChessBase"]
[SourceDate "2003.02.06"]
[SourceVersion "1"]
[SourceVersionDate "2003.02.06"]
[SourceQuality "1"]
[WhiteTeam "Barbican"]
[BlackTeam "Reykjavik Hellir"]
[WhiteTeamCountry "ENG"]
[BlackTeamCountry "ISL"]

1. e4 e6 2. Nc3 d5 3. Nf3 Nf6 4. e5 Nfd7 5. d4 c5 6. dxc5 Nc6 7. Bf4 Bxc5 8. Bd3 Qb6 9. 0-0 a6 10. a3 Qc7 11. Re1 Nd4 12. Bg3 Nxf3+ 13. Qxf3 Qc6 14. Ne2 b5 15. c3 0-0 16. Nd4 Qb6 17. Qg4 Re8 18. Bh4 Nf8 19. Re3 Ng6 20. Bxg6 fxg6 21. Rh3 Bxd4 22. cxd4 Bd7 23. Bg5 Rac8 24. Qh4 h5 25. Rd1 Rf8 26. g4 Be8 27. Rg3 hxg4 28. Qxg4 Rc2 29. Rd2 Rc1+ 30. Rd1 Rc2 31. Rd2 Rc1+ 32. Rd1 Rc2 1/2-1/2

[Event "EU-Cup 18th"]
[Site "Kallithea"]
[Date "2002.09.22"]
[Round "1.6"]
[White "Vydeslaver, Alik"]
[Black "Tucker, Alex"]
[Result "1-0"]
[WhiteElo "2430"]
[BlackElo "2199"]
[PlyCount "83"]
[EventDate "2002.09.22"]
[EventType "team-swiss"]
[EventRounds "7"]
[EventCountry "GRE"]
[SourceTitle "CBM 092"]
[Source "ChessBase"]
[SourceDate "2003.02.06"]
[SourceVersion "1"]
[SourceVersionDate "2003.02.06"]
[SourceQuality "1"]
[WhiteTeam "Beer Sheva"]
[BlackTeam "Barbican"]
[WhiteTeamCountry "ISR"]
[BlackTeamCountry "ENG"]

1. e4 e5 2. Nf3 Nc6 3. Nc3 Nf6 4. d4 exd4 5. Nxd4 Bb4 6. Nxc6 bxc6 7. Bd3 d5 8. exd5 cxd5 9. 0-0 0-0 10. Bg5 c6 11. Qf3 Be7 12. Rfe1 Re8 13. h3 h6 14. Bh4 Rb8 15. Rab1 Rb4 16. Bg3 Bd6 17. Bxd6 Rxe1+ 18. Rxe1 Qxd6 19. b3 Be6 20. Na4 c5 21. c3 Rb8 22. Qe3 d4 23. Qe5 Qxe5 24. Rxe5 Nd7 25. Re1 dxc3 26. Nxc3 Nb6 27. Nb5 c4 28. bxc4 Nxc4 29. Rxe6 fxe6 30. Bxc4 a5 31. Bxe6+ Kf8 32. Nd4 Rb1+ 33. Kh2 Ke7 34. Bb3 Kd6 35. Nf5+ Kc5 36. Nxg7 Kb4 37. f4 a4 38. Be6 a3 39. f5 Rf1 40. Nh5 Kc3 41. Ng3 Re1 42. f6 1-0

[Event "BCF-chT2 0102 (4NCL)"]
[Site "Birmingham"]
[Date "2002.05.05"]
[Round "10.6"]
[White "Churm, Rohan"]
[Black "Tucker, Alex"]
[Result "1-0"]
[WhiteElo "2171"]
[BlackElo "2215"]
[PlyCount "55"]
[EventDate "2001.09.22"]
[EventType "team"]
[EventRounds "11"]
[EventCountry "ENG"]
[SourceTitle "EXT 2003"]
[Source "ChessBase"]
[SourceDate "2002.11.25"]
[SourceVersion "1"]
[SourceVersionDate "2002.11.25"]
[SourceQuality "1"]
[WhiteTeam "Warwicks Select"]
[BlackTeam "Barbican III"]
[WhiteTeamCountry "ENG"]
[BlackTeamCountry "ENG"]

1. e4 e6 2. d4 d5 3. Nc3 Bb4 4. Bd3 c5 5. a3 Bxc3+ 6. bxc3 dxe4 7. Bxe4 Nf6 8. Bf3 0-0 9. Ne2 Nc6 10. 0-0 Re8 11. Bf4 Qe7 12. Qd3 Bd7 13. Rab1 b6 14. Ng3 Rad8 15. Rfe1 Na5 16. Nf5 exf5 17. Rxe7 Rxe7 18. dxc5 bxc5 19. h3 Rc8 20. Qa6 Nc6 21. Rb7 Re1+ 22. Kh2 Be8 23. Rxf7 Rd8 24. Rxf6 gxf6 25. Bxc6 Bf7 26. Qxa7 Rdd1 27. Bh6 Rd8 28. c4 1-0

[Event "BCF-chT2 0102 (4NCL)"]
[Site "Birmingham"]
[Date "2001.09.22"]
[Round "1.2"]
[White "Swanson, Stephen"]
[Black "Tucker, Alex"]
[Result "1-0"]
[WhiteElo "2277"]
[BlackElo "2215"]
[PlyCount "115"]
[EventDate "2001.09.22"]
[EventType "team"]
[EventRounds "11"]
[EventCountry "ENG"]
[SourceTitle "EXT 2003"]
[Source "ChessBase"]
[SourceDate "2002.11.25"]
[SourceVersion "1"]
[SourceVersionDate "2002.11.25"]
[SourceQuality "1"]
[WhiteTeam "Poisoned Pawns"]
[BlackTeam "Barbican III"]
[WhiteTeamCountry "ENG"]
[BlackTeamCountry "ENG"]

1. e4 c5 2. Nf3 d6 3. d4 cxd4 4. Qxd4 Bd7 5. c4 Nc6 6. Qd2 g6 7. b3 Bg7 8. Bb2 Bxb2 9. Qxb2 Nf6 10. Nbd2 Bg4 11. Nd4 Nxd4 12. Qxd4 0-0 13. h3 Bd7 14. g3 Qa5 15. Bg2 Rac8 16. 0-0 b5 17. Rfe1 bxc4 18. Nxc4 Qc5 19. Qxc5 Rxc5 20. e5 dxe5 21. Nxe5 Rc7 22. b4 Ba4 23. a3 Rfc8 24. Nd3 e6 25. Nc5 Bc6 26. Bf1 Nd7 27. Na6 Rb7 28. Rac1 Nb6 29. Rc5 Bd5 30. Rxc8+ Nxc8 31. a4 Nb6 32. Nc5 Rc7 33. a5 Nd7 34. Nxd7 Rxd7 35. b5 Kf8 36. f4 Ke7 37. Kf2 Kd6 38. Rc1 Rb7 39. Ke3 Rc7 40. Rxc7 Kxc7 41. h4 Kd6 42. g4 Kc5 43. g5 Bb3 44. Ke4 Ba4 45. b6 axb6 46. axb6 Kxb6 47. Ke5 Kc5 48. Be2 Bb3 49. h5 gxh5 50. Bxh5 Kc6 51. Bxf7 Kd7 52. f5 Ke7 53. Bxe6 Ba4 54. Bg8 h5 55. gxh6 Kf8 56. Bd5 Bd7 57. Kf6 Bc8 58. h7 1-0

[Event "BCF-chT2 0001 (4NCL)"]
[Site "Birmingham"]
[Date "2001.05.05"]
[Round "9.3"]
[White "Tucker, Alex"]
[Black "Corkett, Anthony R"]
[Result "1/2-1/2"]
[WhiteElo "2204"]
[BlackElo "2287"]
[PlyCount "34"]
[EventDate "2000.11.26"]
[EventType "team"]
[EventRounds "11"]
[EventCountry "ENG"]
[SourceTitle "CBM 079 Extra"]
[Source "ChessBase"]
[SourceDate "2001.01.11"]
[SourceVersion "2"]
[SourceVersionDate "2001.01.25"]
[SourceQuality "1"]
[WhiteTeam "Slough II"]
[BlackTeam "Wessex"]
[WhiteTeamCountry "ENG"]
[BlackTeamCountry "ENG"]

1. Nf3 c5 2. c4 g6 3. Nc3 Bg7 4. e3 Nf6 5. d4 cxd4 6. exd4 0-0 7. d5 d6 8. Be2 Bg4 9. Be3 Na6 10. 0-0 Qc8 11. b3 Nc5 12. Rc1 a5 13. Re1 Re8 14. Nb5 Nfd7 15. h3 Bxf3 16. Bxf3 Ne5 17. Be2 b6 1/2-1/2

[Event "BCF-chT2 9900 (4NCL)"]
[Site "Birmingham"]
[Date "2000.01.22"]
[Round "5.4"]
[White "Rosen, Daniel B"]
[Black "Tucker, Alex"]
[Result "1/2-1/2"]
[WhiteElo "2239"]
[BlackElo "2192"]
[PlyCount "82"]
[EventDate "1999.10.??"]
[EventType "team"]
[EventRounds "11"]
[EventCountry "ENG"]
[SourceTitle "EXT 2001"]
[Source "ChessBase"]
[SourceDate "2000.11.22"]
[SourceVersion "1"]
[SourceVersionDate "2000.11.22"]
[SourceQuality "1"]
[WhiteTeam "POI"]
[BlackTeam "Slough II"]
[WhiteTeamCountry "ENG"]
[BlackTeamCountry "ENG"]

1. e4 d6 2. d4 Nf6 3. Nc3 c6 4. Be3 Qb6 5. Rb1 Nbd7 6. h3 Qa5 7. Bd3 e5 8. Nge2 Be7 9. 0-0 0-0 10. Qd2 Qc7 11. Ng3 Re8 12. Nce2 d5 13. dxe5 Nxe5 14. f4 Nxd3 15. cxd3 dxe4 16. dxe4 Be6 17. b3 Rad8 18. Qc2 Qa5 19. Kh1 Bb4 20. Bd4 Nh5 21. Nxh5 Qxh5 22. f5 Bd5 23. Rf4 Bd6 24. Rg4 Qxg4 25. hxg4 Bxe4 26. Qc1 Bxb1 27. Ng1 Bg3 28. Qc3 Be1 29. Qb2 Bd3 30. Bxg7 Rd6 31. Bh8 Rh6+ 32. Nh3 f6 33. Bxf6 Bg3 34. Bc3 Re2 35. Qc1 Rxh3+ 36. gxh3 Be4+ 37. Kg1 Rg2+ 38. Kf1 Rf2+ 39. Kg1 Rg2+ 40. Kf1 Rf2+ 41. Kg1 Rg2+ 1/2-1/2

[Event "BCF-chT 9900 (4NCL)"]
[Site "Birmingham"]
[Date "1999.11.20"]
[Round "3.8"]
[White "Tucker, Alex"]
[Black "Shah, Arpi"]
[Result "1-0"]
[WhiteElo "2213"]
[BlackElo "2079"]
[PlyCount "112"]
[EventDate "1999.10.??"]
[EventType "team"]
[EventRounds "11"]
[EventCountry "ENG"]
[SourceTitle "EXT 2000"]
[Source "ChessBase"]
[SourceDate "1999.11.16"]
[SourceVersion "1"]
[SourceVersionDate "1999.11.16"]
[SourceQuality "1"]
[WhiteTeam "Slough"]
[BlackTeam "Richmond"]
[WhiteTeamCountry "ENG"]
[BlackTeamCountry "ENG"]

1. e4 c6 2. d4 d5 3. e5 Bf5 4. Nf3 e6 5. Be2 c5 6. 0-0 Nc6 7. c3 h6 8. Be3 cxd4 9. cxd4 Nge7 10. Nc3 Nc8 11. Na4 Nb6 12. Nc5 Bxc5 13. dxc5 Nd7 14. Bb5 Qc7 15. Bxc6 Qxc6 16. Nd4 Qc7 17. Nxf5 exf5 18. Qxd5 0-0 19. e6 fxe6 20. Qxe6+ Kh7 21. Rac1 Rf6 22. Qd5 Nf8 23. Rfd1 Re8 24. g3 Re5 25. Qd8 Qf7 26. Rd6 Rg6 27. Rxg6 Nxg6 28. Qd4 Qxa2 29. b4 Qf7 30. b5 Re4 31. Qd3 Ne5 32. Qe2 Ng4 33. c6 bxc6 34. bxc6 Nxe3 35. fxe3 Qc7 36. Qb5 Re5 37. Qd3 h5 38. Rc4 a5 39. Kf2 Kh6 40. h3 Re6 41. Qd7 Re7 42. Qd5 Re5 43. Qf3 Re6 44. h4 a4 45. Qf4+ Qxf4+ 46. gxf4 Re8 47. Rxa4 Rc8 48. Rc4 Kg6 49. Kf3 Kf6 50. c7 Ke6 51. e4 fxe4+ 52. Kxe4 Kd7 53. Kf5 Rxc7 54. Rxc7+ Kxc7 55. Kg6 Kd6 56. Kxg7 Kd5 1-0

[Event "BCF-chT2 9900 (4NCL)"]
[Site "Birmingham"]
[Date "1999.10.09"]
[Round "1.2"]
[White "Johnston, Dafydd"]
[Black "Tucker, Alex"]
[Result "1/2-1/2"]
[WhiteElo "2170"]
[BlackElo "2213"]
[PlyCount "43"]
[EventDate "1999.10.??"]
[EventType "team"]
[EventRounds "11"]
[EventCountry "ENG"]
[SourceTitle "EXT 2001"]
[Source "ChessBase"]
[SourceDate "2000.11.22"]
[SourceVersion "1"]
[SourceVersionDate "2000.11.22"]
[SourceQuality "1"]
[WhiteTeam "Nidum Knights"]
[BlackTeam "Slough II"]
[WhiteTeamCountry "ENG"]
[BlackTeamCountry "ENG"]

1. e4 e6 2. d4 d5 3. Nc3 Bb4 4. e5 c5 5. a3 Bxc3+ 6. bxc3 Ne7 7. Nf3 Bd7 8. dxc5 Ba4 9. Rb1 Nd7 10. Rxb7 Nxc5 11. Rb4 Qa5 12. Be3 Ne4 13. Nd4 Bd7 14. Bd3 0-0 15. 0-0 Qc7 16. c4 a5 17. cxd5 axb4 18. d6 Nxd6 19. Nxe6 Bxe6 20. exd6 Qd7 21. dxe7 Qxe7 22. axb4 1/2-1/2

[Event "EU-Cup 15th Gr1"]
[Site "Paide"]
[Date "1999.09.17"]
[Round "1"]
[White "Tucker, Alex"]
[Black "Danchevski, Orce"]
[Result "0-1"]
[WhiteElo "2213"]
[BlackElo "2429"]
[PlyCount "206"]
[EventDate "1999.09.17"]
[EventType "team-k.o."]
[EventRounds "3"]
[EventCountry "EST"]
[SourceTitle "EXT 2020"]
[Source "ChessBase"]
[SourceDate "2019.10.17"]
[SourceVersion "1"]
[SourceVersionDate "2019.10.17"]
[SourceQuality "1"]
[WhiteTeam "Slough"]
[BlackTeam "Skopje Alkaloid"]
[WhiteTeamCountry "ENG"]
[BlackTeamCountry "MKD"]

1. d4 Nf6 2. c4 g6 3. Nc3 Bg7 4. e4 d6 5. Nge2 c5 6. d5 e6 7. Ng3 0-0 8. Be2 exd5 9. exd5 Nbd7 10. 0-0 Ne8 11. Bf4 h6 12. Qd2 Kh7 13. Be3 f5 14. f4 Nc7 15. Rab1 Re8 16. Bf2 Nf6 17. h3 Bd7 18. a3 a5 19. b3 Rb8 20. a4 Na6 21. Bf3 Nb4 22. Rbe1 Rxe1 23. Rxe1 Qh8 24. Re7 Re8 25. Rxe8 Nxe8 26. Na2 Nxa2 27. Qxa2 Nc7 28. Qe2 Qd8 29. Nf1 Na6 30. Qe1 Bf6 31. Bd1 Nb4 32. Qe2 Qh8 33. Kh2 Bd8 34. Kh1 Qa1 35. Be1 Bf6 36. Bxb4 axb4 37. Kh2 Kg7 38. Bc2 Qc1 39. g3 Kf7 40. Kg2 Bd4 41. Qd2 Qb2 42. Bd1 Qa1 43. h4 Kf6 44. Qc2 Be8 45. Nh2 g5 46. hxg5+ hxg5 47. fxg5+ Kxg5 48. Nf3+ Kf6 49. Qd2 Qb2 50. Qxb2 Bxb2 51. Ne1 Be5 52. Bf3 Kg5 53. Nd3 b6 54. Kf2 Bg6 55. Bd1 f4 56. gxf4+ Bxf4 57. Bc2 Bh5 58. Ke1 Be3 59. Bd1 Bg6 60. Ke2 Bf4 61. Nxf4 Kxf4 62. Kd2 Ke5 63. Be2 Kd4 64. Bf1 Bf5 65. Be2 Bh3 66. Bd3 Bg2 67. Be2 Be4 68. Bf1 Bf3 69. Bh3 Bh5 70. Bf1 Bg4 71. Bg2 Bd7 72. Bf1 Bf5 73. Be2 Ke4 74. Bd3+ Kf4 75. Be2 Kg3 76. Bh5 Kf2 77. Be8 Bh3 78. Bg6 Bf1 79. Be8 Kf3 80. Bb5 Ke4 81. Ba6 Kd4 82. Bb5 Bh3 83. Be8 Bf5 84. Bh5 Bc8 85. Be8 Ba6 86. Bf7 Bxc4 87. bxc4 Kxc4 88. Kc2 b3+ 89. Kb2 Kb4 90. Be8 c4 91. Kb1 Ka3 92. Bb5 c3 93. Bc4 Kxa4 94. Kc1 Kb4 95. Bd3 Kc5 96. Be4 b5 97. Bf3 b4 98. Be4 Kc4 99. Bf3 b2+ 100. Kb1 b3 101. Bg2 Kd3 102. Be4+ Kd2 103. Bd3 c2+ 0-1

[Event "BCF-chT 9899 (4NCL)"]
[Site "England"]
[Date "1999.05.02"]
[Round "10.8"]
[White "Tucker, Alex"]
[Black "Chevannes, Sabrina"]
[Result "1/2-1/2"]
[WhiteElo "2215"]
[BlackElo "1304"]
[PlyCount "51"]
[EventDate "1998.10.??"]
[EventType "team"]
[EventRounds "11"]
[EventCountry "ENG"]
[SourceTitle "EXT 2000"]
[Source "ChessBase"]
[SourceDate "1999.11.16"]
[SourceVersion "1"]
[SourceVersionDate "1999.11.16"]
[SourceQuality "1"]
[WhiteTeam "Slough"]
[BlackTeam "HH"]
[WhiteTeamCountry "ENG"]
[BlackTeamCountry "ENG"]

1. d4 Nf6 2. c4 c6 3. Nf3 d5 4. e3 Bf5 5. Bd3 Bxd3 6. Qxd3 e6 7. 0-0 Nbd7 8. Nc3 Be7 9. Rd1 0-0 10. b3 Rc8 11. Bb2 h6 12. e4 dxe4 13. Nxe4 Nxe4 14. Qxe4 Nf6 15. Qe2 Qc7 16. Bc3 Rfe8 17. Re1 Rcd8 18. Rad1 Rc8 19. Qb2 Qf4 20. Qe2 Qc7 21. h3 Rcd8 22. Ne5 Nd7 23. Nxd7 Rxd7 24. Rd3 Bf6 25. Red1 Red8 26. Qe4 1/2-1/2

[Event "BCF-chT2 9798 (4NCL)"]
[Site "England"]
[Date "1998.05.24"]
[Round "10.6"]
[White "Gilfillan, Andrew"]
[Black "Tucker, Alex"]
[Result "0-1"]
[WhiteElo "2096"]
[BlackElo "2210"]
[PlyCount "72"]
[EventDate "1997.11.??"]
[EventType "team"]
[EventRounds "11"]
[EventCountry "ENG"]
[SourceTitle "EXT 1999"]
[Source "ChessBase"]
[SourceDate "1998.11.16"]
[SourceVersion "1"]
[SourceVersionDate "1998.11.16"]
[SourceQuality "1"]
[WhiteTeam "Kings Head"]
[BlackTeam "Barbican II"]
[WhiteTeamCountry "ENG"]
[BlackTeamCountry "ENG"]

1. e4 d6 2. d4 Nf6 3. Nc3 e5 4. Nf3 Nbd7 5. Bc4 Be7 6. h3 0-0 7. Be3 c6 8. Bb3 b5 9. a3 Bb7 10. Qe2 a5 11. d5 b4 12. dxc6 Bxc6 13. Nd5 bxa3 14. Rxa3 a4 15. Ba2 Nxe4 16. 0-0 Nef6 17. Nb4 Bb7 18. Qb5 Qc7 19. Rxa4 Rab8 20. Qe2 Nc5 21. Bxc5 Qxc5 22. c3 Nd5 23. Nd3 Qc6 24. Rg4 Nf6 25. Nb4 Qb6 26. Rg3 Kh8 27. Ng5 d5 28. Rf3 e4 29. Rf5 Bxb4 30. cxb4 Ba6 31. Qd2 Bxf1 32. Kxf1 Qa6+ 33. Kg1 Qxa2 34. Qf4 Qa1+ 35. Kh2 Qxb2 36. Qh4 h6 0-1

[Event "BCF-chT2 9798 (4NCL)"]
[Site "England"]
[Date "1998.01.25"]
[Round "6.5"]
[White "Jones, Richard S"]
[Black "Tucker, Alex"]
[Result "0-1"]
[WhiteElo "2045"]
[BlackElo "2175"]
[PlyCount "50"]
[EventDate "1997.11.??"]
[EventType "team"]
[EventRounds "11"]
[EventCountry "ENG"]
[SourceTitle "EXT 1999"]
[Source "ChessBase"]
[SourceDate "1998.11.16"]
[SourceVersion "1"]
[SourceVersionDate "1998.11.16"]
[SourceQuality "1"]
[WhiteTeam "Nidum Knights"]
[BlackTeam "Barbican II"]
[WhiteTeamCountry "ENG"]
[BlackTeamCountry "ENG"]

1. e4 e6 2. d4 d5 3. Nd2 Nf6 4. e5 Nfd7 5. Bd3 c5 6. c3 Nc6 7. Ne2 cxd4 8. cxd4 f6 9. exf6 Nxf6 10. Nf3 Bd6 11. 0-0 0-0 12. Bg5 Qb6 13. b3 Kh8 14. Bh4 Bd7 15. Bg3 Bxg3 16. hxg3 Rae8 17. Bc2 e5 18. dxe5 Nxe5 19. Nf4 Bg4 20. Rc1 Rd8 21. Re1 Rfe8 22. Nd3 Ne4 23. Re3 Nxf2 24. Kxf2 Nxf3 25. Qe2 Nh4 0-1

[Event "London op"]
[Site "London"]
[Date "1994.??.??"]
[Round "1"]
[White "Short, Nigel D"]
[Black "Tucker, Alex"]
[Result "1-0"]
[WhiteElo "2665"]
[BlackElo "2220"]
[PlyCount "37"]
[EventDate "1994.??.??"]
[EventType "swiss"]
[EventRounds "10"]
[EventCountry "ENG"]
[SourceTitle "EXT 1998"]
[Source "ChessBase"]
[SourceDate "1997.11.17"]
[SourceVersion "1"]
[SourceVersionDate "1997.11.17"]
[SourceQuality "1"]

1. e4 e5 2. Nf3 d5 3. exd5 Bd6 4. Nc3 f5 5. d4 e4 6. Ne5 Nf6 7. Bf4 0-0 8. Be2 Re8 9. Qd2 Bb4 10. a3 Bxc3 11. bxc3 Nxd5 12. 0-0 Nc6 13. Nxc6 bxc6 14. Be5 Nb6 15. Qf4 Re7 16. Qg3 Qd7 17. f3 exf3 18. Rxf3 Bb7 19. Raf1 1-0